| 000 | 00791nam a2200205 i 4500 | ||
|---|---|---|---|
| 001 | bg | ||
| 100 | 1 | _aGREGORCZYK, Zofia | |
| 245 | 0 |
_aBadania fizykochemiczne roztworów metali podgrupy II-B w ich stopniowych halogenkach / _cZofia Gregorczyk. |
|
| 260 |
_aWrocław : _b[Wydawn. Polit. Wrocł.], _c1973. |
||
| 300 |
_as. 98 : _brys., tab. |
||
| 490 | 1 |
_aPrace Naukowe Inst. Chemii Nieorganicznej i Metalurgii Pierwiastków Rzadkich Polit. Wrocł. ; _vnr 19 |
|
| 500 | _a[Streszcz. w jęz. ros. i ang.]. | ||
| 504 | _a[Zawiera bibliogr. s. 85-94]. | ||
| 830 | _aPrace Naukowe Inst. Chemii Nieorganicznej i Metalurgii Pierwiastków Rzadkich Polit. Wrocł. ; | ||
| 040 | _cBPK | ||
| 041 | _apol | ||
| 080 | _a541.1:546.1/.3 | ||
| 942 | _cKS | ||
| 008 | s pl f |000 0 pol | ||
| 999 |
_c25984 _d25984 |
||
| 856 |
_uhttp://koha.tu.koszalin.pl/cgi-bin/koha/opac-detail.pl?biblionumber=25984 _yKatalog online BPK |
||